Historia de la Segunda Guerra Mundial /

Historia de la Segunda Guerra Mundial ofrece una interpretación equilibrada de la guerra, de sus causas y de sus efectos. Trata de abordar las incógnitas que han surgido a raíz de esta guerra como ¿por qué estalló?, ¿por qué Stalin se unió con Hitler?, ¿por qué Churchill envió a Dieppe a seis mil ho...

Cijeli opis

Spremljeno u:
Bibliografski detalji
Glavni autor: Bauer, Eddy (autor)
Daljnji autori: Salvat, Juan (dirección) (dirección)
Format: Knjiga
Jezik:španjolski
Izdano: Pamplona, España : Salvat, 1979, c1979
Teme:
Oznake: Dodaj oznaku
Bez oznaka, Budi prvi tko označuje ovaj zapis!

MARC

LEADER 00000nam^a2200000^a^4500
001 000115858
005 20250521000000.0
009 20260310094107.77
020 |a 84-7137-023-09 
037 |a Acervo ITESO - Biblioteca 
041 |a ESP 
082 |a 940. 53  |b BAU V. 2 T. 3 
100 |a Bauer, Eddy  |e (autor) 
240 1 1 |a [Historia de la Segunda Guerra Mundial] 
245 1 0 |a Historia de la Segunda Guerra Mundial /  |c E. Bauer ; dir. de J. Salvat. 
264 4 |a Pamplona, España :  |b Salvat,  |c 1979, c1979 
300 |a p. 41-60 
336 |a texto  |b txt  |2 rdacontenido 
337 |a sin mediación  |b n  |2 rdamedio 
338 |a volumen  |b nc  |2 rdasoporte 
520 |a Historia de la Segunda Guerra Mundial ofrece una interpretación equilibrada de la guerra, de sus causas y de sus efectos. Trata de abordar las incógnitas que han surgido a raíz de esta guerra como ¿por qué estalló?, ¿por qué Stalin se unió con Hitler?, ¿por qué Churchill envió a Dieppe a seis mil hombre a una muerte segura?, entre otras. 
649 |a XX 
650 |a Guerra Mundial (Segunda), 1939-1945 -  |x Enciclopedias y Diccionarios 
650 |a Guerra Mundial (Segunda), 1939-1945 
650 |a Francia -  |x Historia -  |y Siglo XX 
650 |a Polonia -  |x Historia -  |y Ocupación, 1939-1945 
650 |a Bélgica -  |x Historia -  |y Siglo XX 
650 |a Rusia -  |x Historia -  |y Guerra de Invierno, 1939-1940 
650 |a Rusia -  |x Historia -  |y Régimen Stalinista, 1924-1953 
650 |a Rusia -  |x Historia -  |y URSS, 1922-1991 
650 |a Finlandia -  |x Historia -  |y Siglo XX 
650 |a Alemania -  |x Historia -  |y Tercer Reich, 1933-1945 
650 |a Europa -  |x Historia -  |y Siglo XX 
650 |a Historia Universal 
700 |a Salvat, Juan  |e (dirección) 
910 |a Fondo Salvador Reynoso Reynoso 
920 |a Impresos - Libros 
930 |a Fondos Especiales 
905 |a 112 
901 |a 0800003719  |b IT2  |c ESP  |u 20250521 
902 |a https://opac.biblio.iteso.mx/vufind/Record/000115858